[Event "Purim!"]
[Site "SchemingMind.com"]
[Date "2008.03.19"]
[Round "-"]
[White "calidore"]
[Black "mmccaffe"]
[Result "1-0"]
[WhiteCountry "ISR"]
[BlackCountry "USA"]
[WhiteElo "1983"]
[WhiteRD "62"]
[BlackElo "1630"]
[BlackRD "50"]
[GameID "146025"]

1. e4 c5 2. c3 e6 3. d4 cxd4 4. cxd4 d5 5. e5 Bb4+ 6. Nc3 Qa5 7. Bd2 Ne7 8. Nf3 Nec6 9. Bd3 Nd7 10. O-O Bxc3
11. Bxc3 Qc7 12. Rc1 O-O 13. Bxh7+ Kh8 14. Bd3 a6 15. Ng5 g6 16. Qf3 Kg7 17. Qg4 b5 18. Nxe6+
1-0

[Event "Purim!"]
[Site "SchemingMind.com"]
[Date "2008.03.15"]
[Round "-"]
[White "agarr"]
[Black "calidore"]
[Result "1/2-1/2"]
[WhiteCountry "RUS"]
[BlackCountry "ISR"]
[WhiteElo "1739"]
[WhiteRD "67"]
[BlackElo "1920"]
[BlackRD "64"]
[GameID "146081"]

1. e4 Nf6 2. e5 Nd5 3. c4 Nb6 4. d4 d6 5. exd6 cxd6 6. Nc3 g6 7. Nf3 Bg7 8. Be3 O-O 9. Be2 Nc6 10. O-O e5
11. d5 Ne7 12. h3 Nf5 13. Rb1 Nxe3 14. fxe3 Nd7 15. Ne4 Nf6 16. Nxf6+ Bxf6 17. e4 Bd7 18. b4 Bg7 19. c5 dxc5 20. bxc5 Qa5
21. Rxb7 Qxc5+ 22. Kh1 Bc8 23. Rb5 Qd6 24. Nd2 Ba6 25. Nc4 Qc7 26. Rb4 Rab8 27. d6 Qc5 28. Rxb8 Rxb8 29. d7 Rd8 30. Qa4 Bxc4
31. Bxc4 Rxd7 32. Bd5 Qc7 33. Qb3 Bf8 34. Rf6 Bh6 35. Rc6 Qa5 36. Qc3 Qxc3 37. Rxc3 Be3 38. Rxe3=
1/2-1/2

[Event "Purim!"]
[Site "SchemingMind.com"]
[Date "2008.03.16"]
[Round "-"]
[White "agarr"]
[Black "mmccaffe"]
[Result "1-0"]
[WhiteCountry "RUS"]
[BlackCountry "USA"]
[WhiteElo "1739"]
[WhiteRD "67"]
[BlackElo "1576"]
[BlackRD "52"]
[GameID "146082"]

1. e4 e6 2. d4 d5 3. exd5 exd5 4. Nf3 Nf6 5. Bg5 h6 6. Bxf6 Qxf6 7. c4 dxc4 8. Bxc4 Bg4 9. Nbd2 Bb4 10. Qe2+ Qe7
11. Qxe7+ Bxe7 12. Bxf7+ Kxf7 13. Ne5+ Ke6 14. Nxg4 Nc6 15. Nb3 Rhf8 16. O-O-O Rad8 17. g3 Bf6 18. Nc5+ Ke7 19. Rhe1+ Kf7 20. d5 Ne7
21. Ne6
1-0

[Event "Purim!"]
[Site "SchemingMind.com"]
[Date "2008.03.20"]
[Round "-"]
[White "calidore"]
[Black "agarr"]
[Result "1-0"]
[WhiteCountry "ISR"]
[BlackCountry "RUS"]
[WhiteElo "1920"]
[WhiteRD "64"]
[BlackElo "1739"]
[BlackRD "67"]
[GameID "146083"]

1. e4 e5 2. Nf3 Nc6 3. Bc4 Bc5 4. b4 Bxb4 5. c3 Ba5 6. d4 exd4 7. O-O dxc3 8. Qb3 Qe7 9. Nxc3 h6 10. Ba3 d6
11. e5 Bxc3 12. Qxc3 Nxe5 13. Nxe5 Qxe5 14. Rfe1
1-0

[Event "Purim!"]
[Site "SchemingMind.com"]
[Date "2008.03.16"]
[Round "-"]
[White "mmccaffe"]
[Black "agarr"]
[Result "0-1"]
[WhiteCountry "USA"]
[BlackCountry "RUS"]
[WhiteElo "1576"]
[WhiteRD "52"]
[BlackElo "1739"]
[BlackRD "67"]
[GameID "146084"]

1. e4 e5 2. Nf3 Nc6 3. Bb5 Bc5 4. O-O Nge7 5. c3 a6 6. Ba4 b5 7. Bc2 Bb7 8. d4 exd4 9. cxd4 Bb6 10. Re1 O-O
11. a3 Ng6 12. h4 Nxh4 13. Nxh4 Qxh4 14. Re3 Bxd4 15. Rh3 Qxf2+ 16. Kh1 Ne5
0-1

[Event "Purim!"]
[Site "SchemingMind.com"]
[Date "2008.03.18"]
[Round "-"]
[White "Miael_"]
[Black "calidore"]
[Result "0-1"]
[WhiteCountry "ARG"]
[BlackCountry "ISR"]
[WhiteElo "1552"]
[WhiteRD "62"]
[BlackElo "1983"]
[BlackRD "62"]
[GameID "146131"]

1. e4 Nf6 2. Nc3 d5 3. exd5 Nxd5 4. Nxd5 Qxd5 5. Nf3 Bf5 6. d4 e6 7. c3 c5 8. Be3 cxd4 9. Bxd4 Nc6 10. Be2 Nxd4
11. Qxd4 Qxd4 12. Nxd4 Be4 13. Bb5+ Kd8 14. O-O-O Kc7 15. f3 Bg6 16. Rhe1 Be7 17. Bd3 Bxd3 18. Rxd3 a6 19. f4 Rad8 20. Red1 Bf6
0-1

[Event "Purim!"]
[Site "SchemingMind.com"]
[Date "2008.03.16"]
[Round "-"]
[White "Miael_"]
[Black "mmccaffe"]
[Result "0-1"]
[WhiteCountry "ARG"]
[BlackCountry "USA"]
[WhiteElo "1552"]
[WhiteRD "62"]
[BlackElo "1630"]
[BlackRD "50"]
[GameID "146132"]

1. e4 e6 2. d4 d5 3. exd5 exd5 4. Nf3 Nf6 5. Bb5+ c6 6. Ba4 Bd6 7. c3 Qe7+ 8. Be3 Bf4 9. O-O Bxe3 10. fxe3 Qxe3+
11. Kh1 O-O 12. Re1 Qh6 13. Bc2 Bg4 14. h3 Bxf3 15. Qxf3 Nbd7
0-1

[Event "Purim!"]
[Site "SchemingMind.com"]
[Date "2008.03.19"]
[Round "-"]
[White "agarr"]
[Black "Miael_"]
[Result "1-0"]
[WhiteCountry "RUS"]
[BlackCountry "ARG"]
[WhiteElo "1783"]
[WhiteRD "64"]
[BlackElo "1552"]
[BlackRD "62"]
[GameID "146133"]

1. e4 e5 2. Nf3 Nc6 3. Bc4 Nf6 4. O-O Bc5 5. c3 d6 6. b4 Bb6 7. Qb3 O-O 8. a4 a5 9. b5 Ne7 10. Ng5 d5
11. exd5 Nfxd5 12. Ba3 h6 13. Nf3
1-0

[Event "Purim!"]
[Site "SchemingMind.com"]
[Date "2008.03.20"]
[Round "-"]
[White "calidore"]
[Black "Miael_"]
[Result "1-0"]
[WhiteCountry "ISR"]
[BlackCountry "ARG"]
[WhiteElo "1983"]
[WhiteRD "62"]
[BlackElo "1552"]
[BlackRD "62"]
[GameID "146134"]

1. e4 e5 2. Nf3 Nc6 3. Bc4 Bc5 4. b4 Bxb4 5. c3 Ba5 6. d4 exd4 7. O-O dxc3 8. Qb3 Qf6 9. e5 Nxe5 10. Re1 d6
11. Nxe5 dxe5 12. Qb5+ Qc6 13. Qxe5+ Be6 14. Bb5
1-0

[Event "Purim!"]
[Site "SchemingMind.com"]
[Date "2008.03.19"]
[Round "-"]
[White "mmccaffe"]
[Black "Miael_"]
[Result "1-0"]
[WhiteCountry "USA"]
[BlackCountry "ARG"]
[WhiteElo "1630"]
[WhiteRD "50"]
[BlackElo "1552"]
[BlackRD "62"]
[GameID "146135"]

1. e4 c5 2. Nf3 Nc6 3. Bb5 g6 4. Bxc6 dxc6 5. O-O Bg4 6. d3 Bg7 7. h3 Bxf3 8. Qxf3 e5 9. b3 Qf6 10. Qxf6 Nxf6
11. Bb2 Nd7 12. Nd2 O-O 13. f4
1-0

[Event "Purim!"]
[Site "SchemingMind.com"]
[Date "2008.03.16"]
[Round "-"]
[White "MazetaFighter"]
[Black "agarr"]
[Result "1-0"]
[WhiteCountry "GRE"]
[BlackCountry "RUS"]
[WhiteElo "1956"]
[WhiteRD "79"]
[BlackElo "1739"]
[BlackRD "67"]
[GameID "146176"]

1. e4 e5 2. Nf3 Nc6 3. Bb5 Bc5 4. c3 Nf6 5. O-O O-O 6. d4 exd4 7. cxd4 Bb4 8. a3 Ba5 9. e5 Ne4 10. d5 Ne7
11. Qd4 f5 12. d6 Nc6 13. Qd5+ Kh8 14. b4 Bb6 15. Bd3 cxd6 16. exd6 Qf6 17. Ra2 Qxd6 18. Bxe4
1-0

[Event "Purim!"]
[Site "SchemingMind.com"]
[Date "2008.03.19"]
[Round "-"]
[White "MazetaFighter"]
[Black "Miael_"]
[Result "1-0"]
[WhiteCountry "GRE"]
[BlackCountry "ARG"]
[WhiteElo "2002"]
[WhiteRD "69"]
[BlackElo "1552"]
[BlackRD "62"]
[GameID "146177"]

1. e4 c5 2. f4 d5 3. exd5 Qxd5 4. Nc3 Qd8 5. Nf3 Bg4 6. Bb5+ Nd7 7. h3 Bxf3 8. Qxf3 Rb8 9. d3 b6 10. Ne4 f5
11. Ng5 Nf6 12. Ne6 Qc8 13. O-O a6 14. Bc6 g6 15. Bd2 Kf7 16. Bc3 Bg7 17. Nxg7 Kxg7 18. g4
1-0

[Event "Purim!"]
[Site "SchemingMind.com"]
[Date "2008.03.17"]
[Round "-"]
[White "MazetaFighter"]
[Black "calidore"]
[Result "1/2-1/2"]
[WhiteCountry "GRE"]
[BlackCountry "ISR"]
[WhiteElo "1956"]
[WhiteRD "79"]
[BlackElo "1920"]
[BlackRD "64"]
[GameID "146178"]

1. e4 Nf6 2. Nc3 d5 3. e5 d4 4. exf6 dxc3 5. fxg7 cxd2+ 6. Qxd2 Qxd2+ 7. Bxd2 Bxg7= 8. O-O-O Be6 9. Ne2 Nc6 10. Bc3 Bxc3
11. Nxc3 Rd8 12. Bb5 Rg8 13. Rxd8+ Kxd8 14. Rd1+ Kc8 15. Bxc6 bxc6 16. g3 Rd8 17. Rxd8+ Kxd8 18. Ne4 Kd7 19. Nc5+ Kd6 20. Nxe6 Kxe6=
21. Kd2 Kd5 22. Kd3 f5 23. f4 a5 24. a4 Kc5= 25. c3 h6 26. h3 h5 27. b3 e6 28. h4=
1/2-1/2

[Event "Purim!"]
[Site "SchemingMind.com"]
[Date "2008.03.16"]
[Round "-"]
[White "MazetaFighter"]
[Black "mmccaffe"]
[Result "1-0"]
[WhiteCountry "GRE"]
[BlackCountry "USA"]
[WhiteElo "1956"]
[WhiteRD "79"]
[BlackElo "1576"]
[BlackRD "52"]
[GameID "146179"]

1. d4 Nf6 2. c4 e6 3. Nc3 Bb4 4. Qc2 O-O 5. a3 Bxc3+ 6. Qxc3 Ne4 7. Qc2 f5 8. g3 d5 9. Nf3 c6 10. Bg2 Nd7
11. O-O b6 12. cxd5 cxd5 13. Qc6 Ba6 14. Qxe6+ Kh8 15. Re1 Ndf6 16. Ng5 Nxg5 17. Bxg5 Re8 18. Qxf5
1-0

[Event "Purim!"]
[Site "SchemingMind.com"]
[Date "2008.03.16"]
[Round "-"]
[White "agarr"]
[Black "MazetaFighter"]
[Result "0-1"]
[WhiteCountry "RUS"]
[BlackCountry "GRE"]
[WhiteElo "1739"]
[WhiteRD "67"]
[BlackElo "1956"]
[BlackRD "79"]
[GameID "146180"]

1. e4 e5 2. Nf3 Nf6 3. Nc3 Nc6 4. Bc4 Nxe4 5. Nxe4 d5 6. Bxd5 Qxd5 7. Nc3 Qd8 8. O-O Bd6 9. d4 exd4 10. Re1+ Be6
11. Nb5 O-O 12. Nbxd4 Nxd4 13. Nxd4 Bd7 14. h3 Qh4 15. Qf3 Qxd4
0-1

[Event "Purim!"]
[Site "SchemingMind.com"]
[Date "2008.03.19"]
[Round "-"]
[White "Miael_"]
[Black "MazetaFighter"]
[Result "0-1"]
[WhiteCountry "ARG"]
[BlackCountry "GRE"]
[WhiteElo "1552"]
[WhiteRD "62"]
[BlackElo "2002"]
[BlackRD "69"]
[GameID "146181"]

1. e4 e5 2. Nf3 Nc6 3. Bc4 Bc5 4. d3 Nf6 5. Bg5 h6 6. Bh4 d6 7. h3 Be6 8. Bxe6 fxe6 9. Nc3 O-O 10. O-O a6
11. Nh2 g5 12. Bg3 Qe8 13. Ng4 Qg6 14. Na4 Ba7 15. Kh1 h5 16. Nxf6+ Rxf6
0-1

[Event "Purim!"]
[Site "SchemingMind.com"]
[Date "2008.03.21"]
[Round "-"]
[White "calidore"]
[Black "MazetaFighter"]
[Result "1/2-1/2"]
[WhiteCountry "ISR"]
[BlackCountry "GRE"]
[WhiteElo "1983"]
[WhiteRD "62"]
[BlackElo "2002"]
[BlackRD "69"]
[GameID "146182"]

1. e4 e5 2. Nf3 Nc6 3. Bc4 Nf6 4. Ng5 d5 5. exd5 Na5 6. d3 h6 7. Nf3 e4 8. Nd4 Bc5 9. Be3 O-O 10. h3 Nxd5
11. Bxd5 Qxd5 12. Nc3 Bb4 13. O-O Bxc3 14. bxc3 Bd7 15. Nb3 Nxb3 16. axb3 Rfd8 17. dxe4 Qxe4 18. Qd3 Qxd3=
1/2-1/2

[Event "Purim!"]
[Site "SchemingMind.com"]
[Date "2008.03.16"]
[Round "-"]
[White "mmccaffe"]
[Black "MazetaFighter"]
[Result "1/2-1/2"]
[WhiteCountry "USA"]
[BlackCountry "GRE"]
[WhiteElo "1630"]
[WhiteRD "50"]
[BlackElo "2002"]
[BlackRD "69"]
[GameID "146183"]

1. e4 e5 2. Nf3 Nf6 3. Nxe5 d6 4. Nf3 Nxe4 5. d4 d5 6. Bd3 Be7 7. O-O Nc6 8. Nbd2 Nxd2 9. Bxd2 Bg4 10. c3 O-O
11. h3 Bh5 12. Qc2 Bg6 13. Bxg6 hxg6 14. Bf4 Bd6 15. Bxd6 Qxd6 16. Rfe1 Rfe8 17. Rxe8+ Rxe8 18. Re1 Rxe1+ 19. Nxe1 Qe7 20. Nf3=
1/2-1/2

[Event "Purim!"]
[Site "SchemingMind.com"]
[Date "2008.03.18"]
[Round "-"]
[White "roboam"]
[Black "agarr"]
[Result "1/2-1/2"]
[WhiteCountry "ESP"]
[BlackCountry "RUS"]
[WhiteElo "1718"]
[WhiteRD "74"]
[BlackElo "1783"]
[BlackRD "64"]
[GameID "146609"]

1. e4 e5 2. Nf3 Nc6 3. Bb5 Bc5 4. O-O d6 5. c3 Bd7 6. d4 exd4 7. cxd4 Bb4 8. a3 Ba5 9. d5 Ne5 10. Bxd7+ Qxd7
11. Nxe5 dxe5 12. Bd2 Bb6 13. Re1 Nf6 14. Nc3 O-O 15. Be3 Bxe3 16. Rxe3 Ng4 17. Re1 f5 18. f3 Nf6 19. Qe2 f4 20. Rac1 c6
21. Rcd1 cxd5 22. Nxd5 Nxd5 23. Rxd5 Qe7 24. Red1 Rfd8 25. Qc4 Kh8 26. Rxd8+ Rxd8 27. Rxd8+ Qxd8 28. h3 h6 29. Qc5 Qb8 30. Qe7 b5
31. b4 g5=
1/2-1/2

[Event "Purim!"]
[Site "SchemingMind.com"]
[Date "2008.03.19"]
[Round "-"]
[White "roboam"]
[Black "Miael_"]
[Result "1-0"]
[WhiteCountry "ESP"]
[BlackCountry "ARG"]
[WhiteElo "1718"]
[WhiteRD "74"]
[BlackElo "1552"]
[BlackRD "62"]
[GameID "146610"]

1. e4 e5 2. Nf3 Nc6 3. Bb5 a6 4. Ba4 Nf6 5. O-O Be7 6. Re1 b5 7. Bb3 d6 8. c3 Bg4 9. d3 O-O 10. Be3 Rb8
11. Nbd2 b4 12. h3 Bh5 13. Nf1 a5 14. Ng3
1-0

[Event "Purim!"]
[Site "SchemingMind.com"]
[Date "2008.03.20"]
[Round "-"]
[White "roboam"]
[Black "calidore"]
[Result "0-1"]
[WhiteCountry "ESP"]
[BlackCountry "ISR"]
[WhiteElo "1718"]
[WhiteRD "74"]
[BlackElo "1983"]
[BlackRD "62"]
[GameID "146611"]

1. e4 Nf6 2. e5 Nd5 3. d4 d6 4. Nf3 Bg4 5. c4 Nb6 6. Be2 c6 7. b3 dxe5 8. Nxe5 Bxe2 9. Qxe2 Qxd4 10. Bb2 Qh4
11. Nd2 N8d7 12. Ndf3 Qh5 13. Nxd7 Nxd7 14. Nd4 Qxe2+ 15. Nxe2 e5 16. O-O f6 17. Rad1 Bc5 18. Ng3 O-O-O 19. Ne4 Be7 20. Bc3 Nc5
21. Nxc5 Bxc5 22. Rfe1 Kc7 23. b4 Be7 24. Kf1 Rxd1 25. Rxd1 Rd8 26. Rxd8 Kxd8 27. a3 a5 28. Ke2 Kd7 29. Ke3 Ke6 30. g4 axb4
31. axb4 b5 32. cxb5 cxb5 33. Ke4 g6 34. f3 Bd6 35. h3 f5+ 36. Ke3 Kd5 37. Kd3 e4+ 38. fxe4+ fxe4+ 39. Ke3 Kc4 40. Bg7 Bxb4
41. Kxe4 Bc3 42. Bf8 b4 43. Bxb4 Kxb4 44. Kd5 Be1 45. Ke6 g5 46. Kf6 Bh4 47. Kg7 Kc4 48. Kxh7 Kd4 49. Kg6 Ke4 50. Kf6 Kf4
0-1

[Event "Purim!"]
[Site "SchemingMind.com"]
[Date "2008.03.18"]
[Round "-"]
[White "roboam"]
[Black "mmccaffe"]
[Result "0-1"]
[WhiteCountry "ESP"]
[BlackCountry "USA"]
[WhiteElo "1718"]
[WhiteRD "74"]
[BlackElo "1630"]
[BlackRD "50"]
[GameID "146612"]

1. e4 c6 2. d4 d5 3. Nc3 dxe4 4. Nxe4 Bf5 5. Ng3 Bg6 6. Nf3 e6 7. Be2 Nd7 8. O-O Ngf6 9. Bd3 Bxd3 10. Qxd3 Be7
11. Re1 O-O 12. Be3 Qc7 13. c3 Nd5 14. Bg5 Bxg5 15. Nxg5 N7f6 16. Nh5 g6 17. Nxf6+ Nxf6 18. Qf3 Nd5 19. Qh3 Nf6 20. Re3 Kg7
21. Rae1 h6 22. Nf3 Nd5 23. Re4 Qa5 24. a3 c5 25. dxc5 Qxc5 26. Qg3 Nf6 27. h3 Nxe4
0-1

[Event "Purim!"]
[Site "SchemingMind.com"]
[Date "2008.03.18"]
[Round "-"]
[White "roboam"]
[Black "MazetaFighter"]
[Result "0-1"]
[WhiteCountry "ESP"]
[BlackCountry "GRE"]
[WhiteElo "1718"]
[WhiteRD "74"]
[BlackElo "2002"]
[BlackRD "69"]
[GameID "146613"]

1. e4 e5 2. Nf3 Nc6 3. Bb5 a6 4. Ba4 Nf6 5. O-O Nxe4 6. Re1 Nc5 7. Bxc6 dxc6 8. Nxe5 Be7 9. d3 Ne6 10. Nc3 O-O
11. Be3 f5 12. Nf3 Bf6 13. a3 Qd6 14. Bd2 Bd7 15. Rb1 c5 16. Ne2 Bc6 17. Ng3 f4 18. Ne4 Qd5 19. Nxf6+ Rxf6 20. Qe2 Nd4
21. Nxd4 Qxg2#
0-1

[Event "Purim!"]
[Site "SchemingMind.com"]
[Date "2008.03.18"]
[Round "-"]
[White "agarr"]
[Black "roboam"]
[Result "1-0"]
[WhiteCountry "RUS"]
[BlackCountry "ESP"]
[WhiteElo "1783"]
[WhiteRD "64"]
[BlackElo "1718"]
[BlackRD "74"]
[GameID "146614"]

1. e4 e5 2. Nf3 Nc6 3. Bc4 Bc5 4. c3 Nf6 5. d4 exd4 6. e5 Ng4 7. cxd4 Bb4+ 8. Nc3 O-O 9. Bg5 Be7 10. Bxe7 Qxe7
11. h3 Nh6 12. O-O d6 13. Re1 dxe5 14. Nxe5 Nxe5 15. Rxe5 Qd8 16. Rd5 Qe7 17. Re5 Qd8 18. Qb3 c6 19. a4 Nf5 20. d5 c5
21. Rae1 Nd4 22. Qa2 b6 23. Nb5 Nxb5 24. axb5 Bd7 25. d6 Qb8 26. Bd5 Qxd6 27. Bxa8 Rxa8 28. Qd5 Qxd5 29. Rxd5 Bxb5 30. b4 Bc6
31. Rd6 Bb5 32. bxc5 bxc5 33. Re5 Rc8 34. Rdd5 f6 35. Rxc5 Rxc5 36. Rxc5 a6 37. f4 Bd7 38. Kf2 Kf8 39. Ke3
1-0

[Event "Purim!"]
[Site "SchemingMind.com"]
[Date "2008.03.21"]
[Round "-"]
[White "Miael_"]
[Black "roboam"]
[Result "0-1"]
[WhiteCountry "ARG"]
[BlackCountry "ESP"]
[WhiteElo "1552"]
[WhiteRD "62"]
[BlackElo "1718"]
[BlackRD "74"]
[GameID "146615"]

1. e4 e5 2. Nf3 Nc6 3. Bb5 a6 4. Bxc6 dxc6 5. O-O Bd6 6. d3 Nf6 7. Bg5 O-O 8. Nc3 Re8 9. h3 h6 10. Bh4 Bd7
11. Nh2 Be7
0-1

[Event "Purim!"]
[Site "SchemingMind.com"]
[Date "2008.03.23"]
[Round "-"]
[White "calidore"]
[Black "roboam"]
[Result "1-0"]
[WhiteCountry "ISR"]
[BlackCountry "ESP"]
[WhiteElo "1983"]
[WhiteRD "62"]
[BlackElo "1718"]
[BlackRD "74"]
[GameID "146616"]

1. e4 e5 2. Nf3 Nc6 3. Bc4 Bc5 4. b4 Bxb4 5. c3 Bc5 6. O-O Nf6 7. d4 exd4 8. cxd4 Be7 9. e5 Ne4 10. Bd5 Ng5
11. Nxg5 Bxg5 12. Qh5 g6 13. Qxg5 Qxg5 14. Bxg5 Nxd4 15. Nc3 c6 16. Bc4 O-O 17. Ne4 d5 18. exd6 Be6 19. Bxe6 Nxe6 20. Be7
1-0

[Event "Purim!"]
[Site "SchemingMind.com"]
[Date "2008.03.18"]
[Round "-"]
[White "mmccaffe"]
[Black "roboam"]
[Result "0-1"]
[WhiteCountry "USA"]
[BlackCountry "ESP"]
[WhiteElo "1630"]
[WhiteRD "50"]
[BlackElo "1718"]
[BlackRD "74"]
[GameID "146617"]

1. e4 e5 2. Nf3 Nf6 3. Nxe5 d6 4. Nf3 Nxe4 5. d4 d5 6. Bd3 Be6 7. O-O Be7 8. Nbd2 Nf6 9. Re1 O-O 10. Nf1 Nc6
11. c3 Re8 12. Bd2 Bd6 13. Ng3 Ne7 14. Ng5 h6 15. Nxe6 fxe6 16. Rxe6 Qc8 17. Re1 c6 18. Qf3 Rf8 19. Qe2 Re8 20. Qe6+ Qxe6
21. Rxe6 Bc7 22. Rae1 Kf7 23. Bg6+ Nxg6 24. Rxe8 Rxe8 25. Rxe8 Nxe8
0-1

[Event "Purim!"]
[Site "SchemingMind.com"]
[Date "2008.03.18"]
[Round "-"]
[White "MazetaFighter"]
[Black "roboam"]
[Result "1-0"]
[WhiteCountry "GRE"]
[BlackCountry "ESP"]
[WhiteElo "2002"]
[WhiteRD "69"]
[BlackElo "1718"]
[BlackRD "74"]
[GameID "146618"]

1. e4 e5 2. Nf3 Nc6 3. Bb5 Nf6 4. O-O a6 5. Bxc6 dxc6 6. Nxe5 Bc5 7. d3 O-O 8. h3 Re8 9. Nf3 h6 10. Nc3 Bd7
11. Re1 Bb4 12. Bd2 Bxc3 13. Bxc3 Be6 14. Nd4 Bd7 15. Qf3 c5 16. Nf5 Bxf5 17. Qxf5 Qe7 18. Bxf6 Qxf6 19. Qxf6 gxf6 20. f4 b6
21. f5 Kh8 22. g4 Rg8 23. Kf2 Rae8 24. Kf3 Rg7 25. Rg1 Reg8 26. Rg2 h5 27. Rag1 hxg4+ 28. Rxg4 Rxg4 29. Rxg4 Rd8 30. Ke3 Kh7
31. c3 c6 32. d4 cxd4+ 33. cxd4 b5 34. e5 fxe5 35. dxe5 Rd5 36. Re4 Rc5 37. e6
1-0

[Event "Purim!"]
[Site "SchemingMind.com"]
[Date "2008.03.19"]
[Round "-"]
[White "Archon"]
[Black "agarr"]
[Result "0-1"]
[WhiteCountry "CAN"]
[BlackCountry "RUS"]
[WhiteElo "1776"]
[WhiteRD "57"]
[BlackElo "1783"]
[BlackRD "64"]
[GameID "146724"]

1. Nf3 d5 2. c4 d4 3. g3 Nc6 4. Bg2 e5 5. O-O Nf6 6. d3 Bg4 7. b4 Bxb4 8. Nxe5 O-O 9. Nxc6 bxc6 10. Bxc6 Rb8
11. Bd2 Qd6 12. Bxb4 Qxc6 13. Bxf8 Bh3 14. f3 Bxf1 15. Kxf1 Ng4 16. fxg4 Qh1+
0-1

[Event "Purim!"]
[Site "SchemingMind.com"]
[Date "2008.03.21"]
[Round "-"]
[White "Archon"]
[Black "Miael_"]
[Result "1-0"]
[WhiteCountry "CAN"]
[BlackCountry "ARG"]
[WhiteElo "1776"]
[WhiteRD "57"]
[BlackElo "1552"]
[BlackRD "62"]
[GameID "146725"]

1. Nf3 Nf6 2. c4 e6 3. g3 d5 4. Bg2 c6 5. b3 Bc5 6. e3 O-O 7. Bb2 a6 8. Qe2 Re8 9. O-O b6 10. d4 Bd6
11. Nbd2 a5 12. Rac1 Bb7 13. Ne5 Bxe5 14. dxe5 Nfd7 15. Nf3 Nc5 16. Rfd1
1-0

[Event "Purim!"]
[Site "SchemingMind.com"]
[Date "2008.03.21"]
[Round "-"]
[White "Archon"]
[Black "calidore"]
[Result "1/2-1/2"]
[WhiteCountry "CAN"]
[BlackCountry "ISR"]
[WhiteElo "1776"]
[WhiteRD "57"]
[BlackElo "1983"]
[BlackRD "62"]
[GameID "146726"]

1. Nf3 Nf6 2. c4 e6 3. g3 b6 4. Bg2 Bb7 5. O-O Be7 6. b3 O-O 7. Bb2 d6 8. Nc3 Nbd7 9. d3 a6 10. Rc1 Rb8
11. Re1 Re8 12. d4 Nf8 13. e4 d5 14. Ne5 dxe4 15. Nxe4 Ng6 16. Nxf6+ Bxf6 17. Nc6 Bxc6 18. Bxc6 Rf8 19. Ba3 Be7 20. Bb2 Bf6
21. Ba3=
1/2-1/2

[Event "Purim!"]
[Site "SchemingMind.com"]
[Date "2008.03.19"]
[Round "-"]
[White "Archon"]
[Black "roboam"]
[Result "1-0"]
[WhiteCountry "CAN"]
[BlackCountry "ESP"]
[WhiteElo "1813"]
[WhiteRD "58"]
[BlackElo "1694"]
[BlackRD "78"]
[GameID "146727"]

1. Nf3 Nf6 2. c4 e6 3. g3 d5 4. Bg2 Nc6 5. d4 Bb4+ 6. Bd2 Bxd2+ 7. Nbxd2 O-O 8. O-O Bd7 9. Rc1 Re8 10. e3 h6
11. Re1 a6 12. a4 Na5 13. b4 Nxc4 14. Nxc4 dxc4 15. Rxc4 Rb8 16. Ne5 b5 17. axb5 axb5 18. Nc6 Bxc6 19. Rxc6 Rb6 20. Rxb6 cxb6
21. Qc2 Qd6 22. Qb3 Rc8 23. Ra1 Rc4 24. Ra8+ Kh7 25. Qd3+ g6 26. h4 h5 27. Qa3 Kg7 28. Qa7 Qc7 29. Qxc7 Rxc7 30. Rb8 Rc4
31. Rxb6 Rxb4 32. Bf1 Nd5 33. Rxb5 Rxb5 34. Bxb5 Kf6 35. Kf1 g5 36. Ke1 gxh4 37. gxh4 Nc7 38. Be2 Kg6 39. Kf1 Nd5 40. Kg2 f6
41. Kg3 e5 42. dxe5 fxe5 43. Bf3 Nf6 44. Bd1 Kh6 45. Bc2 Ng4 46. Bf5 Nf6 47. f4 exf4+ 48. Kxf4 Nd5+ 49. Kf3 Kg7 50. e4 Ne7
51. Kf4 Kf6 52. e5+ Kf7 53. Kg5 Nc6 54. e6+ Kg7 55. Bh3 Kh7 56. Kxh5 Kg7 57. Kg5 Ne7 58. h5 Kh7 59. Bf5+ Kg7 60. h6+ Kh8
61. Be4 Kg8 62. Kf6 Nc8 63. Bb7
1-0

[Event "Purim!"]
[Site "SchemingMind.com"]
[Date "2008.03.19"]
[Round "-"]
[White "Archon"]
[Black "mmccaffe"]
[Result "1-0"]
[WhiteCountry "CAN"]
[BlackCountry "USA"]
[WhiteElo "1776"]
[WhiteRD "57"]
[BlackElo "1630"]
[BlackRD "50"]
[GameID "146728"]

1. Nf3 Nf6 2. c4 c6 3. g3 d5 4. Bg2 e6 5. b3 Be7 6. Bb2 O-O 7. O-O Nbd7 8. d3 b6 9. Nc3 Bb7 10. Qc2 Qc7
11. e3 dxc4 12. bxc4 c5 13. a4 e5 14. a5 e4 15. axb6 a6 16. bxc7
1-0

[Event "Purim!"]
[Site "SchemingMind.com"]
[Date "2008.03.19"]
[Round "-"]
[White "Archon"]
[Black "MazetaFighter"]
[Result "1-0"]
[WhiteCountry "CAN"]
[BlackCountry "GRE"]
[WhiteElo "1776"]
[WhiteRD "57"]
[BlackElo "2002"]
[BlackRD "69"]
[GameID "146729"]

1. Nf3 d5 2. c4 d4 3. g3 Nc6 4. Bg2 e5 5. O-O Nf6 6. d3 Nd7 7. Bg5 Be7 8. Bxe7 Qxe7 9. Nbd2 O-O 10. a3 f5
11. Ne1 Nc5 12. b4 Na4 13. Qxa4
1-0

[Event "Purim!"]
[Site "SchemingMind.com"]
[Date "2008.03.19"]
[Round "-"]
[White "agarr"]
[Black "Archon"]
[Result "1-0"]
[WhiteCountry "RUS"]
[BlackCountry "CAN"]
[WhiteElo "1783"]
[WhiteRD "64"]
[BlackElo "1776"]
[BlackRD "57"]
[GameID "146730"]

1. e4 d6 2. d4 Nf6 3. Nc3 g6 4. Bg5 Bg7 5. Bc4 Nxe4 6. Bxf7+ Kxf7 7. Nxe4 Rf8 8. Qd2 Kg8 9. h3 Na6 10. c3 Bf5
11. Ng3 c5 12. Nf3 Rc8 13. d5 Nc7 14. c4 b5 15. cxb5 Nxb5 16. Nxf5 Rxf5 17. O-O Nd4 18. Nh4 Rxd5 19. Kh1 Qd7 20. Qd3 e6
21. Rae1 Nf5 22. Qb3 Nxh4 23. Bxh4 Re5 24. Bg3 Rxe1 25. Rxe1 Re8 26. Qc2 Rb8 27. b3 Rf8 28. Qe4 Re8 29. Re2 d5 30. Qc2 a5
31. Qxc5 Rc8 32. Qxa5 Rc1+ 33. Kh2 Bc3 34. Qb6 Re1 35. Qb8+ Kf7 36. Qf4+ Ke7 37. Rxe1 Bxe1 38. Qg5+ Ke8 39. Qf6
1-0

[Event "Purim!"]
[Site "SchemingMind.com"]
[Date "2008.03.19"]
[Round "-"]
[White "Miael_"]
[Black "Archon"]
[Result "0-1"]
[WhiteCountry "ARG"]
[BlackCountry "CAN"]
[WhiteElo "1552"]
[WhiteRD "62"]
[BlackElo "1776"]
[BlackRD "57"]
[GameID "146731"]

1. e4 d6 2. d4 Nf6 3. Nc3 g6 4. Nf3 Bg7 5. Bf4 O-O 6. Bc4 Nxe4 7. Nxe4 d5 8. Bxd5 Qxd5 9. Qe2 Na6 10. c3 Bf5
11. Nfd2 c5 12. dxc5 Nxc5 13. f3 Nd3+
0-1

[Event "Purim!"]
[Site "SchemingMind.com"]
[Date "2008.03.24"]
[Round "-"]
[White "calidore"]
[Black "Archon"]
[Result "1-0"]
[WhiteCountry "ISR"]
[BlackCountry "CAN"]
[WhiteElo "1983"]
[WhiteRD "62"]
[BlackElo "1776"]
[BlackRD "57"]
[GameID "146732"]

1. e4 d6 2. d4 Nf6 3. Nc3 g6 4. Be3 c6 5. Qd2 b5 6. a3 a5 7. Bd3 Bb7 8. f3 Nbd7 9. Nge2 Nb6 10. Bh6 Bxh6
11. Qxh6 Qc7 12. O-O Nbd7 13. b4 a4 14. Nd1 e5 15. dxe5 dxe5 16. Ne3 Ke7 17. c4 Ba6 18. Rac1 Qd6 19. Rfd1 Qe6 20. cxb5 Bxb5
21. Bxb5 cxb5 22. Nc3 Qb6 23. Kh1 Qb7 24. Ncd5+ Nxd5 25. Nxd5+ Ke8 26. Nc7+ Ke7 27. Nxa8 Rxa8 28. Rd5 Nf6 29. Rxe5+
1-0